| 000 | 00959nam a22001937a 4500 | ||
|---|---|---|---|
| 008 | 260422b ||||| |||| 00| 0 eng d | ||
| 082 | 0 | 4 | _a553.8 |
| 100 | 0 | 0 | _aAzmi Abu Bakar |
| 245 | 1 | 0 | _aRANCANGAN MALAYSIA KE DUA BELAS : PROJEK PENILAIAN SUMBER UNSUR NADIR BUMI : PENILAIAN POTENSI SUMBER UNSUR NADIR BUMI KAWASAN HULU KERLING, DAERAH HULU SELANGOR, SELANGOR / Oleh : AZMI ABU BAKAR, ABDUL HADI ABDUL RAHMAN |
| 250 | _aNO LAPORAN: JMG.SWP (REE) 01/2023 | ||
| 260 |
_aShah Alam, Selangor : _bJabatan MIneral dan Geosains Malaysia Selangor/Wilayah, _c2023 |
||
| 300 |
_a46 pages : _bsome colour illustrations ; _c30 cm |
||
| 650 | 1 | 0 |
_xRare earth elements _zMalaysia _zHulu Selangor |
| 650 | 2 | 0 |
_xGeological surveys _zMalaysia _zHulu Selangor |
| 650 | 2 | 0 |
_xMineral resources _zMalaysia _zHulu Selangor |
| 650 | 2 | 0 |
_xEconomic geology _zMalaysia |
| 650 | 2 | 0 |
_xMineral exploration _zMalaysia _zHulu Selangor |
| 942 |
_2ddc _e23 _h553.8 |
||
| 999 |
_c27215 _d27215 |
||